Estadísticas para Rosco de Pasapalabra #37

Haz click aquí para intentar la prueba.

Estadísticas generales

  • Esta prueba ha sido intentada 79 veces
  • La puntuación promedio es 10 de 25

Estadísticas de respuestas

InicialDefiniciónRespuesta% Correcto
ASecuestrar supuestamente los extraterrestres a seres humanosAbducir
87%
HParte superior y lateral del tronco del ser humano, de donde nace el brazoHombro
83%
NElemento desprovisto de carga eléctrica, que forma parte del núcleo del átomoNeutrón
77%
Contiene la QParte de la medicina que se ocupa de las enfermedades mentalesPsiquiatría
72%
EMeter personas o mercancías en un barco, tren o aviónEmbarcar
70%
UParticipio del verbo utilizarUtilizado
58%
ZPaís africano con capital en HarareZimbabue
55%
OConjunto de los países de Asia y de algunas regiones de África y Europa contiguas a AsiaOriente
51%
IAcción de sumergir o sumergirseInmersión
49%
TSuperficie de la piel del rostro humanoTez
49%
MExpresión de pensamientos, sentimientos o acciones por medio de gestos y movimientos corporalesMímica
47%
BEn los centros de enseñanza, persona cuyo oficio es cuidar del orden fuera de las aulasBedel
43%
FHilo que se pone incandescente en el interior de las bombillas al encenderlasFilamento
43%
RDicho agudo y sentencioso de uso comúnRefrán
42%
DIndiferencia o desapego indicativos de desprecioDesdén
32%
VYacimiento de mineral de forma alargadaVeta
28%
Contiene la XObsesión patológica por desarrollar la musculaturaVigorexia
28%
CDefecto del lenguaje que consiste en un encuentro o repetición de sonidos que resulta desagradableCacofonía
23%
JArbusto siempre verde, abundante en los montes del centro y sur de España, de hojas viscosas y flores blancasJara
17%
Contiene la YSe dice del tipo de música pop, de carácter juvenil, que se puso de moda en la década de 1960Yeyé
15%
Contiene la ÑRobo, expoliación o saqueo que se ejecuta arrebatando con violenciaRapiña
11%
PEn matemáticas, variable que sirve para identificar los elementos de una familia mediante su valor numéricoParámetro
8%
GCaja en que el cazador lleva metido el hurónGarigola
6%
LNombre del grupo de música que publicó el álbum “Small Lights in the Dark”Lunik
2%
SApellido del teólogo que recibió el premio Nobel de la Paz en 1930 por su dedicación a los cristianosSöderblom
2%

Distribución de puntuación

Porcentaje por número respondido

Porcentaje de gente con cada puntuación

Historial de tus puntuaciones

No has intentado esta prueba.